[Event "Wolfsberg NSV 100 Ann"]
[Site "Wolfsberg"]
[Date "2024.11.20"]
[Round "8"]
[White "Knuedel, Torben"]
[Black "Prohaszka, Peter"]
[Result "1/2-1/2"]
[WhiteElo "2262"]
[BlackElo "2545"]
[PlyCount "46"]
[EventDate "2024.11.16"]
[EventType "swiss"]
[EventRounds "9"]
[EventCountry "AUT"]
[SourceTitle "CB48_2024"]
[SourceDate "2024.11.28"]
[SourceVersion "1"]
[SourceVersionDate "2024.11.28"]
[SourceQuality "1"]

1. e4 e5 2. Nf3 Nc6 3. Bc4 Nf6 4. d3 Be7 5. Nc3 d6 6. a4 0-0 7. h3 Be6 8. Bxe6 fxe6 9. d4 exd4 10. Nxd4 Qd7 11. 0-0 Kh8 12. Be3 Nxd4 13. Qxd4 c5 14. Qd3 d5 15. Bg5 d4 16. Ne2 Rac8 17. b3 Nh5 18. Bxe7 Qxe7 19. f4 e5 20. fxe5 Qxe5 21. g4 Rxf1+ 22. Rxf1 Nf6 23. Rf5 Qxe4 1/2-1/2

[Event "Wolfsberg NSV 100 Ann"]
[Site "Wolfsberg"]
[Date "2024.11.19"]
[Round "6"]
[White "Efimenko, Zahar"]
[Black "Prohaszka, Peter"]
[Result "1/2-1/2"]
[WhiteElo "2567"]
[BlackElo "2545"]
[PlyCount "33"]
[EventDate "2024.11.16"]
[EventType "swiss"]
[EventRounds "9"]
[EventCountry "AUT"]
[SourceTitle "CB48_2024"]
[SourceDate "2024.11.28"]
[SourceVersion "1"]
[SourceVersionDate "2024.11.28"]
[SourceQuality "1"]

1. e4 e5 2. Nf3 Nc6 3. Bb5 Nf6 4. d3 Bc5 5. Nbd2 0-0 6. Bxc6 bxc6 7. Nxe5 d5 8. 0-0 Re8 9. Nef3 dxe4 10. Nxe4 Nxe4 11. dxe4 Qf6 12. e5 Qg6 13. Qd3 Bf5 14. Qc3 Bb6 15. Nh4 Qg4 16. Nxf5 Qxf5 17. Be3 1/2-1/2

[Event "Wolfsberg NSV 100 Ann"]
[Site "Wolfsberg"]
[Date "2024.11.17"]
[Round "2"]
[White "Abel, Dennes"]
[Black "Prohaszka, Peter"]
[Result "0-1"]
[WhiteElo "2396"]
[BlackElo "2545"]
[PlyCount "70"]
[EventDate "2024.11.16"]
[EventType "swiss"]
[EventRounds "9"]
[EventCountry "AUT"]
[SourceTitle "CB48_2024"]
[SourceDate "2024.11.28"]
[SourceVersion "1"]
[SourceVersionDate "2024.11.28"]
[SourceQuality "1"]

1. Nf3 d5 2. e3 c5 3. b3 Nf6 4. Bb2 g6 5. c4 dxc4 6. bxc4 Bg7 7. Be2 0-0 8. 0-0 b6 9. Qc2 Nc6 10. a3 Bb7 11. d3 Qc7 12. Nbd2 Rad8 13. Bc3 e5 14. Rfd1 Rfe8 15. Ne4 Nxe4 16. dxe4 Ne7 17. Nd2 Nc8 18. Bb2 Nd6 19. Bd3 Bc6 20. f3 Qd7 21. Nb3 Bh6 22. Kf2 f5 23. exf5 Nxf5 24. Bxf5 Qxf5 25. Qxf5 gxf5 26. Rxd8 Rxd8 27. Ke2 e4 28. f4 Be8 29. Rc1 Bh5+ 30. Kf2 Bd1 31. Bf6 Rd3 32. Na1 Ba4 33. Rc3 Rd2+ 34. Kg3 Rb2 35. Rc1 Ra2 0-1

[Event "Wolfsberg NSV 100 Ann"]
[Site "Wolfsberg"]
[Date "2024.11.16"]
[Round "1"]
[White "Prohaszka, Peter"]
[Black "Korchynskyi, Mykola"]
[Result "1-0"]
[WhiteElo "2545"]
[BlackElo "2330"]
[PlyCount "65"]
[EventDate "2024.11.16"]
[EventType "swiss"]
[EventRounds "9"]
[EventCountry "AUT"]
[SourceTitle "CB48_2024"]
[SourceDate "2024.11.28"]
[SourceVersion "1"]
[SourceVersionDate "2024.11.28"]
[SourceQuality "1"]

1. Nf3 Nf6 2. g3 d5 3. Bg2 e6 4. 0-0 Be7 5. d4 0-0 6. c4 a5 7. Nc3 c6 8. b3 b6 9. Nd2 Ba6 10. e4 dxc4 11. Nxc4 b5 12. Ne3 b4 13. Ne2 Nbd7 14. Bb2 a4 15. Rc1 a3 16. Ba1 Rc8 17. Re1 Nb6 18. Nf4 c5 19. e5 Nfd5 20. Nfxd5 Nxd5 21. Bxd5 exd5 22. dxc5 Bxc5 23. Bd4 Be7 24. Qg4 Rxc1 25. Rxc1 Bd3 26. Nf5 Bg5 27. Nxg7 Kxg7 28. f4 h5 29. Qxg5+ Qxg5 30. fxg5 Kg6 31. Rc6+ Kxg5 32. Rf6 h4 33. h3 1-0

[Event "EU-Cup 39th"]
[Site "Vrnjacka Banja"]
[Date "2024.10.26"]
[Round "7.4"]
[White "Saric, Ivan"]
[Black "Prohaszka, Peter"]
[Result "1-0"]
[WhiteElo "2673"]
[BlackElo "2548"]
[PlyCount "85"]
[EventDate "2024.10.20"]
[EventType "team-swiss"]
[EventRounds "7"]
[EventCountry "SRB"]
[SourceTitle "CB44_2024"]
[Source "Chessbase"]
[SourceDate "2024.10.30"]
[SourceVersion "1"]
[SourceVersionDate "2024.10.30"]
[SourceQuality "1"]
[WhiteTeam "Ljubljana Tajfun"]
[BlackTeam "Ajka Sentimento"]
[WhiteTeamCountry "SLO"]
[BlackTeamCountry "HUN"]

1. e4 c6 2. d4 d5 3. e5 c5 4. dxc5 e6 5. a3 Bxc5 6. Qg4 Ne7 7. Nf3 0-0 8. b4 Bb6 9. Bd3 Ng6 10. Qh5 Qc7 11. 0-0 Nc6 12. Bb2 h6 13. g3 Bd7 14. Nbd2 Nce7 15. Rac1 a5 16. c4 dxc4 17. Nxc4 axb4 18. axb4 Bc6 19. Bb1 Nd5 20. Nd6 Qe7 21. Rc4 Ra4 22. Qg4 Ba7 23. b5 Rxc4 24. Qxc4 Nb6 25. Qd3 Bxf3 26. Qxf3 Nd5 27. h4 Rd8 28. Rc1 Bb8 29. Qg4 Nf8 30. Be4 f5 31. Bxf5 exf5 32. Nxf5 Qd7 33. Rd1 h5 34. Qxh5 Qe6 35. Nxg7 Qg6 36. Qxg6 Nxg6 37. Ne6 Rd7 38. Nc5 Rd8 39. Nxb7 Rd7 40. Nc5 Rd8 41. Nb7 Rd7 42. e6 Rxb7 43. Rxd5 1-0

[Event "Olympiad-45"]
[Site "Budapest"]
[Date "2024.09.21"]
[Round "10.3"]
[White "Quintiliano Pinto, Renato Rodrigues"]
[Black "Prohaszka, Peter"]
[Result "1/2-1/2"]
[WhiteElo "2499"]
[BlackElo "2542"]
[PlyCount "36"]
[EventDate "2024.09.11"]
[EventType "team-swiss"]
[EventRounds "11"]
[EventCountry "HUN"]
[SourceTitle "EXT 2025"]
[Source "ChessBase"]
[SourceDate "2024.10.14"]
[SourceVersion "1"]
[SourceVersionDate "2024.10.14"]
[SourceQuality "1"]
[WhiteTeam "Brazil"]
[BlackTeam "Hungary II"]
[WhiteTeamCountry "BRA"]
[BlackTeamCountry "HUN"]

1. d4 d5 2. c4 e6 3. Nf3 Nf6 4. g3 dxc4 5. Bg2 Nbd7 6. 0-0 c6 7. Nc3 Be7 8. e4 0-0 9. Bf4 Re8 10. a4 a5 11. Qe2 b6 12. Rfd1 Ba6 13. Nd2 Bf8 14. Nxc4 Nd5 15. Bd2 Nb4 16. Bf4 Nd5 17. Bd2 Nb4 18. Bf4 Nd5 1/2-1/2

[Event "Olympiad-45"]
[Site "Budapest"]
[Date "2024.09.20"]
[Round "9.3"]
[White "Lahdelma, Henri"]
[Black "Prohaszka, Peter"]
[Result "0-1"]
[WhiteElo "2331"]
[BlackElo "2542"]
[PlyCount "106"]
[EventDate "2024.09.11"]
[EventType "team-swiss"]
[EventRounds "11"]
[EventCountry "HUN"]
[SourceTitle "EXT 2025"]
[Source "ChessBase"]
[SourceDate "2024.10.14"]
[SourceVersion "1"]
[SourceVersionDate "2024.10.14"]
[SourceQuality "1"]
[WhiteTeam "Finland"]
[BlackTeam "Hungary II"]
[WhiteTeamCountry "FIN"]
[BlackTeamCountry "HUN"]

1. c4 e6 2. Nc3 d5 3. d4 Nf6 4. cxd5 exd5 5. Bg5 Be7 6. e3 h6 7. Bh4 Bg4 8. Qc2 0-0 9. Bd3 c5 10. h3 Be6 11. Nf3 Nc6 12. 0-0 Nb4 13. Qd1 Nxd3 14. Qxd3 c4 15. Qc2 Ne4 16. Bxe7 Qxe7 17. Nxe4 Bf5 18. Nfd2 b5 19. b3 Rac8 20. bxc4 bxc4 21. Qa4 Bxe4 22. Nxe4 Qxe4 23. Qxa7 c3 24. Qa5 Rc6 25. Rac1 Rfc8 26. Qb5 Rg6 27. g3 c2 28. Rfe1 Rc4 29. Qb8+ Kh7 30. Qf4 Qd3 31. Qxf7 Rb4 32. Kg2 Rb1 33. h4 Rf6 34. Qxd5 Rxc1 35. Rxc1 Qd2 36. Qe4+ Kg8 37. Qd5+ Rf7 38. Qa8+ Rf8 39. Qd5+ Kh8 40. Rf1 c1Q 41. Rxc1 Qxc1 42. Qd6 Qc8 43. e4 Rd8 44. Qb6 Rf8 45. d5 Qc4 46. Qe3 Re8 47. Kf3 Qxa2 48. Qd4 Rf8+ 49. Kg2 Qe2 50. d6 Qf3+ 51. Kg1 Rb8 52. d7 Rb1+ 53. Kh2 Rh1# 0-1

[Event "Titled Tuesday intern op 13th Aug Early"]
[Site "Chess.com INT"]
[Date "2024.08.13"]
[Round "6"]
[White "Firman, Nazar"]
[Black "Prohaszka, Peter"]
[Result "1-0"]
[WhiteElo "2472"]
[BlackElo "2552"]
[PlyCount "137"]
[EventDate "2024.08.13"]
[EventType "swiss (blitz)"]
[EventRounds "11"]
[EventCountry "USA"]
[SourceTitle "EXT 2025"]
[Source "ChessBase"]
[SourceDate "2024.10.14"]
[SourceVersion "1"]
[SourceVersionDate "2024.10.14"]
[SourceQuality "1"]

1. e4 e6 2. d4 d5 3. Nd2 c5 4. Ngf3 cxd4 5. Nxd4 Nf6 6. e5 Nfd7 7. N2f3 Nc6 8. Nxc6 bxc6 9. Bd3 a5 10. 0-0 Ba6 11. c3 Qb6 12. Bxa6 Rxa6 13. Qe2 h6 14. Be3 Bc5 15. Bxc5 Nxc5 16. Nd4 0-0 17. Kh1 a4 18. f4 Ne4 19. Rac1 Ra5 20. g3 c5 21. Nf3 Rb5 22. Rc2 Rb8 23. Rb1 Qc6 24. Re1 R8b6 25. c4 Rb4 26. a3 Rb3 27. cxd5 Qxd5 28. Qxe4 Rxf3 29. Qxd5 exd5 30. Rd1 d4 31. Rdd2 Rb5 32. Rc4 Rf1+ 33. Kg2 Rb1 34. Rxa4 R5xb2 35. Rxb2 Rxb2+ 36. Kf3 Rc2 37. Ra8+ Kh7 38. Ke4 Re2+ 39. Kd3 Re3+ 40. Kd2 Kg6 41. Rc8 Rc3 42. g4 h5 43. Rc6+ f6 44. g5 Kf5 45. gxf6 gxf6 46. Rxf6+ Ke4 47. e6 Rd3+ 48. Kc2 Re3 49. f5 Kd5 50. Rf7 c4 51. Rd7+ Kc5 52. Rc7+ Kd5 53. Rd7+ Kc5 54. Rd8 d3+ 55. Kc3 Re1 56. f6 Rc1+ 57. Kd2 Rc2+ 58. Kd1 Rxh2 59. f7 Rh1+ 60. Kd2 Rh2+ 61. Ke3 Re2+ 62. Kf3 c3 63. f8Q+ Kc4 64. Rc8+ Kb3 65. Rb8+ Kc2 66. Qc8 Re1 67. Qc4 d2 68. Qa2+ Kd3 69. Rd8# 1-0

[Event "Titled Tuesday intern op 13th Aug Early"]
[Site "Chess.com INT"]
[Date "2024.08.13"]
[Round "1"]
[White "Prohaszka, Peter"]
[Black "Krzywda, Andrzej"]
[Result "1-0"]
[WhiteElo "2552"]
[BlackElo "2208"]
[PlyCount "57"]
[EventDate "2024.08.13"]
[EventType "swiss (blitz)"]
[EventRounds "11"]
[EventCountry "USA"]
[SourceTitle "EXT 2025"]
[Source "ChessBase"]
[SourceDate "2024.10.14"]
[SourceVersion "1"]
[SourceVersionDate "2024.10.14"]
[SourceQuality "1"]

1. d4 d5 2. Nf3 Nf6 3. Bf4 c5 4. e3 Nc6 5. Nbd2 cxd4 6. exd4 Qb6 7. Nb3 Bf5 8. a4 a6 9. a5 Qd8 10. c3 Rc8 11. Nc5 Rc7 12. Bxc7 Qxc7 13. b4 e6 14. Qa4 Bxc5 15. bxc5 Ne4 16. Bxa6 Nxc3 17. Qb3 bxa6 18. Qxc3 0-0 19. 0-0 Qf4 20. g3 Qg4 21. Rfe1 Be4 22. Nd2 Bg6 23. Nf3 Qh5 24. Ne5 Ne7 25. c6 Rc8 26. c7 Nf5 27. Rac1 Nd6 28. Qc6 Nc4 29. Qd7 1-0

[Event "Riga Tech op-A"]
[Site "Riga"]
[Date "2024.08.09"]
[Round "7"]
[White "Vagman, Roy"]
[Black "Prohaszka, Peter"]
[Result "0-1"]
[WhiteElo "2302"]
[BlackElo "2552"]
[PlyCount "80"]
[EventDate "2024.08.05"]
[EventType "swiss"]
[EventRounds "9"]
[EventCountry "LAT"]
[SourceTitle "CBM 221 Extra"]
[Source "ChessBase"]
[SourceDate "2024.09.30"]
[SourceVersion "1"]
[SourceVersionDate "2024.09.30"]
[SourceQuality "1"]

1. e4 e5 2. Nf3 Nc6 3. Bb5 a6 4. Ba4 Nf6 5. Nc3 d6 6. Bxc6+ bxc6 7. d4 Nd7 8. 0-0 a5 9. b3 Be7 10. Bb2 0-0 11. Qd2 f6 12. a4 Rf7 13. Ne2 c5 14. dxe5 fxe5 15. Bc3 Nf8 16. Ng3 Bg4 17. Ne1 Bg5 18. Qd3 Ng6 19. f3 Be6 20. Ne2 c6 21. Rd1 d5 22. Bd2 dxe4 23. fxe4 Rd7 24. Bxg5 Rxd3 25. Bxd8 Rxd1 26. Bg5 c4 27. Nc3 Ra1 28. bxc4 Bxc4 29. Nd3 Rxf1+ 30. Kxf1 h6 31. Be3 Nf4 32. Bxf4 exf4 33. Ke1 Bxd3 34. cxd3 Rd8 35. Kd2 Rd4 36. Ne2 Rxa4 37. Nxf4 Ra2+ 38. Kc3 a4 39. Kb4 c5+ 40. Kxc5 a3 0-1

[Event "HUN-ch Rapid"]
[Site "Ajka"]
[Date "2024.07.21"]
[Round "7"]
[White "Krstulovic, Alex"]
[Black "Prohaszka, Peter"]
[Result "1/2-1/2"]
[WhiteElo "2446"]
[BlackElo "2569"]
[PlyCount "57"]
[EventDate "2024.07.20"]
[EventType "swiss (rapid)"]
[EventRounds "11"]
[EventCountry "HUN"]
[SourceTitle "CBM 221 Extra"]
[Source "ChessBase"]
[SourceDate "2024.09.30"]
[SourceVersion "1"]
[SourceVersionDate "2024.09.30"]
[SourceQuality "1"]

1. d4 d5 2. Nf3 Nf6 3. c3 Bf5 4. Qb3 Qc8 5. Bg5 Nbd7 6. e3 e6 7. c4 c6 8. Nc3 h6 9. Bf4 Be7 10. h3 a5 11. Rc1 0-0 12. Be2 dxc4 13. Bxc4 b5 14. Be2 a4 15. Qd1 a3 16. b3 Qb7 17. 0-0 Rac8 18. Ne5 Nxe5 19. Bxe5 Rfd8 20. Bd3 Bxd3 21. Qxd3 Nd5 22. Rfd1 Nxc3 23. Qxc3 c5 24. dxc5 Rxd1+ 25. Rxd1 Rxc5 26. Rd8+ Bxd8 27. Qxc5 Be7 28. Qc7 Qxc7 29. Bxc7 1/2-1/2

[Event "HUN-ch Rapid"]
[Site "Ajka"]
[Date "2024.07.21"]
[Round "8"]
[White "Prohaszka, Peter"]
[Black "Haring, Filip"]
[Result "1-0"]
[WhiteElo "2569"]
[BlackElo "2497"]
[PlyCount "75"]
[EventDate "2024.07.20"]
[EventType "swiss (rapid)"]
[EventRounds "11"]
[EventCountry "HUN"]
[SourceTitle "CBM 221 Extra"]
[Source "ChessBase"]
[SourceDate "2024.09.30"]
[SourceVersion "1"]
[SourceVersionDate "2024.09.30"]
[SourceQuality "1"]

1. b3 Nf6 2. Bb2 g6 3. c4 Bg7 4. g3 0-0 5. Bg2 c5 6. Nf3 Nc6 7. 0-0 d6 8. d4 cxd4 9. Nxd4 Bd7 10. Qd2 Nxd4 11. Bxd4 Bc6 12. Nc3 Bxg2 13. Kxg2 a6 14. Rfd1 Qd7 15. a4 Qc6+ 16. f3 Rfd8 17. Rac1 e6 18. a5 Rd7 19. Na4 Re8 20. e4 Rdd8 21. Rc3 h5 22. h4 Kh7 23. Nb6 Bh6 24. Be3 Bxe3 25. Rxe3 Nd7 26. Nxd7 Rxd7 27. Rd3 Red8 28. Qg5 Kg7 29. Qd2 b6 30. Qc3+ Kg8 31. Qb4 bxa5 32. Qxa5 Rb8 33. R1d2 Rb6 34. Qg5 Qb7 35. c5 Rb5 36. Rxd6 Rxd6 37. Rxd6 Kg7 38. Qe5+ 1-0

[Event "HUN-ch Blitz"]
[Site "Ajka"]
[Date "2024.07.19"]
[Round "1"]
[White "Borzsei, Andras"]
[Black "Prohaszka, Peter"]
[Result "0-1"]
[WhiteElo "2068"]
[BlackElo "2569"]
[PlyCount "88"]
[EventDate "2024.07.19"]
[EventType "swiss (blitz)"]
[EventRounds "13"]
[EventCountry "HUN"]
[SourceTitle "CBM 221 Extra"]
[Source "ChessBase"]
[SourceDate "2024.09.30"]
[SourceVersion "1"]
[SourceVersionDate "2024.09.30"]
[SourceQuality "1"]

1. d4 d5 2. c4 c6 3. Nc3 Nf6 4. e3 g6 5. Nf3 Bg7 6. Be2 0-0 7. 0-0 a6 8. h3 e6 9. Qc2 Nbd7 10. b3 b5 11. Bb2 Bb7 12. Rac1 Rc8 13. Qb1 Re8 14. Qa1 Qe7 15. Rfe1 b4 16. Na4 Ne4 17. Bd3 f5 18. Ne5 Nxe5 19. dxe5 c5 20. f3 Ng5 21. Bf1 Nf7 22. Red1 Red8 23. f4 g5 24. g3 h5 25. Bg2 h4 26. cxd5 Bxd5 27. Nb6 Bxg2 28. Kxg2 Qb7+ 29. Kh2 hxg3+ 30. Kxg3 Qxb6 31. Qb1 Rxd1 32. Rxd1 Rd8 33. Qc2 Rxd1 34. Qxd1 Qd8 35. Qe2 gxf4+ 36. exf4 a5 37. h4 Nh6 38. Bc1 Ng4 39. Bd2 Qd5 40. Be1 Bh6 41. Qb5 Bxf4+ 42. Kxf4 Qe4+ 43. Kg5 Qe3+ 44. Kg6 Qh6# 0-1

[Event "HUN-ch Blitz"]
[Site "Ajka"]
[Date "2024.07.19"]
[Round "10"]
[White "Prohaszka, Peter"]
[Black "Benedek, Istvan1"]
[Result "1-0"]
[WhiteElo "2569"]
[BlackElo "2168"]
[PlyCount "95"]
[EventDate "2024.07.19"]
[EventType "swiss (blitz)"]
[EventRounds "13"]
[EventCountry "HUN"]
[SourceTitle "CBM 221 Extra"]
[Source "ChessBase"]
[SourceDate "2024.09.30"]
[SourceVersion "1"]
[SourceVersionDate "2024.09.30"]
[SourceQuality "1"]

1. b3 e5 2. Bb2 Nc6 3. e3 a6 4. c4 Nf6 5. Nf3 e4 6. Nd4 Nxd4 7. Bxd4 d5 8. Nc3 c6 9. cxd5 cxd5 10. Be2 Be7 11. 0-0 0-0 12. d3 exd3 13. Qxd3 Be6 14. Bf3 Qd7 15. Rad1 Rfd8 16. Bxf6 Bxf6 17. Nxd5 Bxd5 18. Bxd5 Rac8 19. g3 Qe7 20. Qf5 g6 21. Qf3 Rd7 22. Be4 Rdc7 23. Kg2 Kg7 24. h4 h5 25. Rd2 b5 26. Rfd1 a5 27. Rd5 Qb4 28. Bd3 Rc5 29. Rxc5 Qxc5 30. Be4 a4 31. Rd7 Rc7 32. Rd5 Qb4 33. bxa4 bxa4 34. Rd1 Qb2 35. Rd6 Be5 36. Rd5 Bf6 37. Rd6 Be5 38. Ra6 a3 39. Bd5 Bf6 40. Bb3 Rd7 41. Rc6 Qe5 42. Ra6 Qb2 43. Rb6 Qc3 44. Rb7 Rxb7 45. Qxb7 Qe5 46. Qxf7+ Kh6 47. Bc2 Qd5+ 48. Qxd5 1-0

[Event "HUN-ch Blitz"]
[Site "Ajka"]
[Date "2024.07.19"]
[Round "6"]
[White "Prohaszka, Peter"]
[Black "Pechac, Jergus"]
[Result "0-1"]
[WhiteElo "2569"]
[BlackElo "2578"]
[PlyCount "46"]
[EventDate "2024.07.19"]
[EventType "swiss (blitz)"]
[EventRounds "13"]
[EventCountry "HUN"]
[SourceTitle "CBM 221 Extra"]
[Source "ChessBase"]
[SourceDate "2024.09.30"]
[SourceVersion "1"]
[SourceVersionDate "2024.09.30"]
[SourceQuality "1"]

1. b3 e5 2. Bb2 Nc6 3. e3 d5 4. Bb5 Bd6 5. f4 Qh4+ 6. g3 Qe7 7. Nf3 f6 8. Nc3 Be6 9. fxe5 fxe5 10. d4 e4 11. Ne5 Qg5 12. Nxc6 a6 13. Ba4 Qxe3+ 14. Qe2 Qxe2+ 15. Kxe2 Nf6 16. b4 0-0 17. Ne5 Ng4 18. Raf1 Nxe5 19. dxe5 Bxe5 20. Bb3 Bg4+ 21. Ke3 Bf3 22. Bxd5+ Kh8 23. Rhg1 Rad8 0-1

[Event "HUN-ch Blitz"]
[Site "Ajka"]
[Date "2024.07.19"]
[Round "8"]
[White "Prohaszka, Peter"]
[Black "Zentai, Peter1"]
[Result "1/2-1/2"]
[WhiteElo "2569"]
[BlackElo "2260"]
[PlyCount "163"]
[EventDate "2024.07.19"]
[EventType "swiss (blitz)"]
[EventRounds "13"]
[EventCountry "HUN"]
[SourceTitle "CBM 221 Extra"]
[Source "ChessBase"]
[SourceDate "2024.09.30"]
[SourceVersion "1"]
[SourceVersionDate "2024.09.30"]
[SourceQuality "1"]

1. b3 d5 2. Bb2 c6 3. Nf3 Nf6 4. g3 Bg4 5. Bg2 e6 6. d3 Be7 7. Nbd2 0-0 8. h3 Bh5 9. 0-0 Nbd7 10. Re1 a5 11. a3 Re8 12. e4 Nc5 13. Qe2 h6 14. e5 Nfd7 15. g4 Bg6 16. Nf1 Qc7 17. Ng3 b5 18. h4 Na6 19. h5 Bh7 20. Kh1 c5 21. c4 bxc4 22. bxc4 Rab8 23. Bc1 Nf8 24. g5 hxg5 25. Nxg5 dxc4 26. dxc4 Red8 27. Nxh7 Nxh7 28. f4 Rb3 29. Ne4 Nb8 30. Be3 Nc6 31. a4 Nd4 32. Qf2 Rdb8 33. Rad1 Rb2 34. Rd2 Rxd2 35. Qxd2 Nf5 36. Bf2 Rd8 37. Qc3 Bf8 38. Bf3 Nd4 39. Bg2 Be7 40. Rd1 Qb6 41. Be1 Nf8 42. Qxa5 Qb3 43. Rc1 Qe3 44. Qc3 Qe2 45. Bg3 Qxh5+ 46. Bh2 Ne2 47. Bf3 Nxc3 48. Bxh5 Nxe4 49. a5 Ng6 50. a6 Nf2+ 51. Kg2 Nd3 52. Rd1 Ndxf4+ 53. Bxf4 Nxf4+ 54. Kh2 Ra8 55. Bf3 Rxa6 56. Kg3 g5 57. Kg4 Kg7 58. Rd7 Ng6 59. Rc7 Ra4 60. Be2 Ra2 61. Bd3 Bd8 62. Rc8 Ba5 63. Bxg6 Kxg6 64. Rxc5 Bd2 65. Rc8 Kg7 66. c5 Rc2 67. c6 Bf4 68. Kh5 Rc5 69. Kg4 Rxe5 70. Kh5 Rc5 71. Kg4 Kf6 72. Kf3 Be5 73. Ke3 Kg7 74. Kd3 f5 75. Kd2 Rc3 76. Ke2 g4 77. Kd2 f4 78. Ke2 g3 79. Kd2 f3 80. c7 g2 81. Rg8+ Kxg8 82. c8Q+ 1/2-1/2

[Event "Crunchlab PlayIn Match D3"]
[Site "Chess.com INT"]
[Date "2024.07.18"]
[Round "1.4"]
[White "Kuzubov, Yuriy"]
[Black "Prohaszka, Peter"]
[Result "1-0"]
[WhiteElo "2606"]
[BlackElo "2569"]
[PlyCount "101"]
[EventDate "2024.07.18"]
[EventType "k.o. (rapid)"]
[EventRounds "1"]
[EventCountry "USA"]
[SourceTitle "CBM 221 Extra"]
[Source "ChessBase"]
[SourceDate "2024.09.30"]
[SourceVersion "1"]
[SourceVersionDate "2024.09.30"]
[SourceQuality "1"]

1. d4 d5 2. c4 c6 3. Nf3 Nf6 4. cxd5 cxd5 5. Nc3 Nc6 6. Bf4 a6 7. e3 Bg4 8. Be2 Rc8 9. 0-0 e6 10. Rc1 Be7 11. Qb3 Bxf3 12. Bxf3 b5 13. a4 Na5 14. Qd1 b4 15. Nb1 0-0 16. Qd3 Qb6 17. Be2 Rc4 18. Nd2 Rfc8 19. Nxc4 dxc4 20. Qb1 Nd5 21. Bg3 b3 22. Bf3 Nb4 23. Be5 f6 24. Bf4 Nd3 25. Qxd3 cxd3 26. Rxc8+ Kf7 27. Bc7 Qb4 28. Rb8 Qxa4 29. Bxa5 Qxa5 30. Rxb3 d2 31. Rb7 f5 32. g3 Kf6 33. h4 g6 34. Kg2 h6 35. Rd1 Bb4 36. Rb8 Qa4 37. Rb6 Ke7 38. d5 exd5 39. Rxg6 a5 40. Rxh6 Qc2 41. h5 Qxb2 42. Ra6 f4 43. exf4 Qc2 44. h6 Kf7 45. h7 Kg7 46. Rh1 Qc8 47. h8Q+ Qxh8 48. Ra7+ Kf6 49. Rxh8 d4 50. Rh6+ Kf5 51. Rf7# 1-0

[Event "CrunchLab Masters PlayIn"]
[Site "Chess.com INT"]
[Date "2024.07.17"]
[Round "7"]
[White "Gledura, Benjamin"]
[Black "Prohaszka, Peter"]
[Result "1-0"]
[WhiteElo "2620"]
[BlackElo "2569"]
[PlyCount "131"]
[EventDate "2024.07.17"]
[EventType "swiss (rapid)"]
[EventRounds "9"]
[EventCountry "USA"]
[SourceTitle "CBM 221 Extra"]
[Source "ChessBase"]
[SourceDate "2024.09.30"]
[SourceVersion "1"]
[SourceVersionDate "2024.09.30"]
[SourceQuality "1"]

1. Nf3 d5 2. g3 c6 3. Bg2 Bg4 4. 0-0 Nf6 5. d4 e6 6. h3 Bf5 7. c4 dxc4 8. Ne5 Nbd7 9. Nxc4 Be4 10. Bxe4 Nxe4 11. Qd3 Nd6 12. Nbd2 Nxc4 13. Nxc4 Be7 14. a4 0-0 15. Rd1 Nb6 16. Na5 Qd7 17. e4 Rad8 18. Bf4 Bf6 19. Qe2 Bxd4 20. Nb3 c5 21. a5 Nc8 22. Be3 e5 23. Nxc5 Qxh3 24. Nxb7 Rd7 25. Bxd4 exd4 26. a6 Nb6 27. Ra5 Re8 28. Rh5 d3 29. Qf3 Qe6 30. Nc5 Qg6 31. Nxd7 Nxd7 32. Rxd3 Nf6 33. Rf5 h5 34. e5 Ng4 35. Rd6 Qh7 36. e6 f6 37. Kg2 Qg6 38. Rf4 Kh7 39. Qe4 Ne5 40. Qxg6+ Kxg6 41. Rb4 Kf5 42. Rb7 Nc4 43. Rd4 Ne5 44. Rxa7 Rxe6 45. Rxg7 Rxa6 46. Rf4+ Ke6 47. Rh7 Rb6 48. b4 Rd6 49. Rxh5 Rd2 50. Rhf5 Nd7 51. Ra5 Rb2 52. Ra6+ Ke5 53. Rc6 Rb3 54. Rc2 Ke6 55. Re2+ Ne5 56. Ra2 Nd7 57. Re4+ Kf7 58. Ra7 Rd3 59. b5 Kg6 60. Rb4 Nb6 61. Ra6 Rd6 62. Rb3 Kf5 63. Rc3 Ke5 64. Rc6 Rxc6 65. bxc6 Nd5 66. Ra5 1-0

[Event "CrunchLab Masters PlayIn"]
[Site "Chess.com INT"]
[Date "2024.07.17"]
[Round "9"]
[White "Kamsky, Gata"]
[Black "Prohaszka, Peter"]
[Result "1/2-1/2"]
[WhiteElo "2615"]
[BlackElo "2569"]
[PlyCount "96"]
[EventDate "2024.07.17"]
[EventType "swiss (rapid)"]
[EventRounds "9"]
[EventCountry "USA"]
[SourceTitle "CBM 221 Extra"]
[Source "ChessBase"]
[SourceDate "2024.09.30"]
[SourceVersion "1"]
[SourceVersionDate "2024.09.30"]
[SourceQuality "1"]

1. e4 c6 2. Nf3 d5 3. d3 dxe4 4. dxe4 Qxd1+ 5. Kxd1 Nf6 6. Nfd2 g6 7. a4 Bh6 8. Nc3 Be6 9. f3 Nbd7 10. Nb3 Bxc1 11. Nxc1 0-0-0 12. a5 Ne5+ 13. Ke1 g5 14. Nd3 Nfd7 15. Kf2 Nxd3+ 16. Bxd3 Ne5 17. Ke3 Nc4+ 18. Bxc4 Bxc4 19. h4 h6 20. b3 Be6 21. Na4 Kc7 22. Nc5 Bc8 23. Nd3 f6 24. Rh2 g4 25. f4 f5 26. e5 b6 27. b4 Kb7 28. g3 Be6 29. Rd2 Bd5 30. c3 Be4 31. Nf2 Rxd2 32. Kxd2 Rd8+ 33. Ke3 Bf3 34. c4 h5 35. Nd3 Be4 36. Nf2 Bf3 37. Ra2 Rd7 38. axb6 axb6 39. Rd2 Rxd2 40. Kxd2 c5 41. Kc3 Be2 42. b5 Kc7 43. Nd3 Bxd3 44. Kxd3 e6 45. Kc3 Kb7 46. Kd3 Kc7 47. Kc3 Kb7 48. Kd3 Kc7 1/2-1/2

[Event "CrunchLab Masters PlayIn"]
[Site "Chess.com INT"]
[Date "2024.07.17"]
[Round "8"]
[White "Prohaszka, Peter"]
[Black "Malakhov, Vladimir"]
[Result "1-0"]
[WhiteElo "2569"]
[BlackElo "2642"]
[PlyCount "83"]
[EventDate "2024.07.17"]
[EventType "swiss (rapid)"]
[EventRounds "9"]
[EventCountry "USA"]
[SourceTitle "CBM 221 Extra"]
[Source "ChessBase"]
[SourceDate "2024.09.30"]
[SourceVersion "1"]
[SourceVersionDate "2024.09.30"]
[SourceQuality "1"]

1. b3 Nf6 2. Bb2 g6 3. c4 Bg7 4. g3 0-0 5. Bg2 c5 6. Nf3 Nc6 7. 0-0 d6 8. d4 cxd4 9. Nxd4 Bd7 10. Qd2 Nxd4 11. Bxd4 Bc6 12. Nc3 Bxg2 13. Kxg2 Qa5 14. Rfd1 Rfc8 15. Bxf6 Bxf6 16. Nd5 Qxd2 17. Nxf6+ Kg7 18. Nh5+ Kh6 19. Rxd2 Kxh5 20. Rd5+ Kh6 21. e4 Rc7 22. h4 Kg7 23. h5 Rac8 24. Rad1 Rc5 25. hxg6 hxg6 26. f4 a6 27. a4 b6 28. R1d3 a5 29. Rd1 f5 30. Kf3 Kf6 31. Rh1 fxe4+ 32. Kxe4 Rxd5 33. Kxd5 Rc5+ 34. Ke4 Rh5 35. Rd1 Rc5 36. Rd5 Ke6 37. g4 Kd7 38. Rd3 g5 39. Rh3 gxf4 40. Kxf4 d5 41. Rd3 e5+ 42. Kxe5 1-0